<?xml version="1.0" encoding="UTF-8"?>
<record
    xmlns:xsi="http://www.w3.org/2001/XMLSchema-instance"
    xsi:schemaLocation="http://www.loc.gov/MARC21/slim http://www.loc.gov/standards/marcxml/schema/MARC21slim.xsd"
    xmlns="http://www.loc.gov/MARC21/slim">

  <leader>01891nam a22003017a 4500</leader>
  <controlfield tag="003">DO-SdBNP</controlfield>
  <controlfield tag="005">20220713122745.0</controlfield>
  <controlfield tag="007">ta</controlfield>
  <controlfield tag="008">220203b2019    dr ||||| |||| 00| 0 spa d</controlfield>
  <datafield tag="020" ind1=" " ind2=" ">
    <subfield code="a">9789945803563</subfield>
  </datafield>
  <datafield tag="040" ind1=" " ind2=" ">
    <subfield code="a">DO-SdBNP</subfield>
    <subfield code="b">spa</subfield>
    <subfield code="c">BNPHU </subfield>
  </datafield>
  <datafield tag="082" ind1=" " ind2="4">
    <subfield code="a">327.7293</subfield>
    <subfield code="2">22</subfield>
    <subfield code="b">C389c</subfield>
  </datafield>
  <datafield tag="100" ind1="1" ind2=" ">
    <subfield code="a">Cede&#xF1;o, Zoila</subfield>
    <subfield code="9">81109</subfield>
  </datafield>
  <datafield tag="245" ind1="1" ind2="3">
    <subfield code="a">La carrera diplom&#xE1;tica y consular en la Rep&#xFA;blica Dominicana /</subfield>
    <subfield code="c">Zoila Mar&#xED;a Cede&#xF1;o Mart&#xED;nez ; pr&#xF3;logo Luis Gonz&#xE1;lez.</subfield>
  </datafield>
  <datafield tag="260" ind1=" " ind2=" ">
    <subfield code="a">Santo Domingo : </subfield>
    <subfield code="b">Amigo del Hogar</subfield>
    <subfield code="c">2019.</subfield>
  </datafield>
  <datafield tag="300" ind1=" " ind2=" ">
    <subfield code="a">370 p. ; </subfield>
    <subfield code="c">23 cm. </subfield>
  </datafield>
  <datafield tag="500" ind1=" " ind2=" ">
    <subfield code="a">Incluye datos biogr&#xE1;ficos de la autora en las solapas.</subfield>
  </datafield>
  <datafield tag="500" ind1=" " ind2=" ">
    <subfield code="a">Incluye referencias bibliogr&#xE1;ficas y notas al pie de las p&#xE1;ginas.</subfield>
  </datafield>
  <datafield tag="504" ind1=" " ind2=" ">
    <subfield code="a">Bibliograf&#xED;a : p. 361-370 </subfield>
  </datafield>
  <datafield tag="505" ind1="0" ind2=" ">
    <subfield code="a">Dedicatoria --</subfield>
    <subfield code="t">Agradecimientos --</subfield>
    <subfield code="t">Presebtaci&#xF3;n de la autora --</subfield>
    <subfield code="t">Pr&#xF3;logo --</subfield>
    <subfield code="g">Cap&#xED;tulo I.</subfield>
    <subfield code="t">Or&#xED;genes de la diplomacia : definiciones y conceptualizaciones --</subfield>
    <subfield code="g">Cap&#xED;tulo II</subfield>
    <subfield code="t">La diferentes etapas  hist&#xF3;ricas  de la diplomacia --</subfield>
    <subfield code="g">Cap&#xED;tulo III</subfield>
    <subfield code="t">Los aportes de la diplomacia dominicana al derecho interamericano --</subfield>
    <subfield code="g">Cap&#xED;tulo IV</subfield>
    <subfield code="t">La carrera diplom&#xE1;tica y consular en la Rep&#xFA;blica Dominicana --</subfield>
    <subfield code="g">Cap&#xED;tulo V</subfield>
    <subfield code="t">El Instituto Superior de Educaci&#xF3;n y Formaci&#xF3;n Diplom&#xE1;tica y Consular (INESDYC) --</subfield>
    <subfield code="g">Cap&#xED;tulo VI</subfield>
    <subfield code="t">Ley org&#xE1;nica 630-16 del Ministerio de Relaciones Exteriores --</subfield>
    <subfield code="g">Cap&#xED;tulo VII</subfield>
    <subfield code="t">Las cuatro funciones diplom&#xE1;tica --</subfield>
    <subfield code="g">Cap&#xED;tulo  VIII</subfield>
    <subfield code="t">Los lineamientos de la pol&#xED;tica exterior dominicana de los nuevos tirmpos en manos del canciller Miguel Vargas Maldonado --</subfield>
    <subfield code="t">Anexos </subfield>
  </datafield>
  <datafield tag="590" ind1=" " ind2=" ">
    <subfield code="a">Inventariado, 2022 /LP


</subfield>
  </datafield>
  <datafield tag="650" ind1=" " ind2="4">
    <subfield code="a">Diplomatas</subfield>
    <subfield code="z">Rep&#xFA;blica Dominicana</subfield>
    <subfield code="9">81999</subfield>
  </datafield>
  <datafield tag="651" ind1=" " ind2="4">
    <subfield code="a">Rep&#xFA;blica Dominicana</subfield>
    <subfield code="x">Servicio diplom&#xE1;tico y consular</subfield>
    <subfield code="9">3000</subfield>
  </datafield>
  <datafield tag="651" ind1=" " ind2="4">
    <subfield code="a">Rep&#xFA;blica Dominicana</subfield>
    <subfield code="x">Relaciones exteriores</subfield>
    <subfield code="9">2258</subfield>
  </datafield>
  <datafield tag="700" ind1="1" ind2=" ">
    <subfield code="a">Gonz&#xE1;lez, Luis,</subfield>
    <subfield code="e">pr&#xF3;l.</subfield>
    <subfield code="9">33604</subfield>
  </datafield>
  <datafield tag="910" ind1=" " ind2=" ">
    <subfield code="a">Lop&#xE9;rez.</subfield>
  </datafield>
  <datafield tag="942" ind1=" " ind2=" ">
    <subfield code="2">ddc</subfield>
    <subfield code="c">LBS1</subfield>
  </datafield>
  <datafield tag="952" ind1=" " ind2=" ">
    <subfield code="0">0</subfield>
    <subfield code="1">0</subfield>
    <subfield code="2">ddc</subfield>
    <subfield code="5">3</subfield>
    <subfield code="7">0</subfield>
    <subfield code="8">PD</subfield>
    <subfield code="a">BNPHU</subfield>
    <subfield code="b">BNPHU</subfield>
    <subfield code="c">HD</subfield>
    <subfield code="d">2022-02-03</subfield>
    <subfield code="e">Dep&#xF3;sito Legal </subfield>
    <subfield code="o">BNPHU PD 327.7293 C389c</subfield>
    <subfield code="p">2022-0520</subfield>
    <subfield code="r">2022-02-03</subfield>
    <subfield code="w">2022-02-03</subfield>
    <subfield code="y">LBS1</subfield>
  </datafield>
  <datafield tag="952" ind1=" " ind2=" ">
    <subfield code="0">0</subfield>
    <subfield code="1">0</subfield>
    <subfield code="2">ddc</subfield>
    <subfield code="5">3</subfield>
    <subfield code="7">0</subfield>
    <subfield code="8">PD</subfield>
    <subfield code="a">BNPHU</subfield>
    <subfield code="b">BNPHU</subfield>
    <subfield code="c">HD</subfield>
    <subfield code="d">2022-02-03</subfield>
    <subfield code="e">Dep&#xF3;sito Legal </subfield>
    <subfield code="o">BNPHU PD 327.7293 C389c</subfield>
    <subfield code="p">2022-0521</subfield>
    <subfield code="r">2022-02-03</subfield>
    <subfield code="t">e.2</subfield>
    <subfield code="w">2022-02-03</subfield>
    <subfield code="y">LBS1</subfield>
  </datafield>
  <datafield tag="999" ind1=" " ind2=" ">
    <subfield code="c">51318</subfield>
    <subfield code="d">51318</subfield>
  </datafield>
</record>
